[Event "Titled Tuesday intern op 14th Jan Early"]
[Site "Chess.com INT"]
[Date "2025.01.14"]
[Round "7"]
[White "Manukyan, Artyom"]
[Black "Dinesh, Rajan M"]
[Result "0-1"]
[WhiteElo "2121"]
[BlackElo "2189"]
[PlyCount "98"]
[EventDate "2025.01.14"]
[EventType "swiss (blitz)"]
[EventRounds "11"]
[EventCountry "USA"]
[SourceTitle "CB04_2025"]
[SourceDate "2025.01.22"]
[SourceVersion "1"]
[SourceVersionDate "2025.01.22"]
[SourceQuality "1"]

1. e4 c5 2. Nc3 Nc6 3. Bb5 g6 4. Bxc6 dxc6 5. d3 Bg7 6. Be3 b6 7. f4 Nh6 8. h3 f5 9. Nf3 fxe4 10. dxe4 Qc7 11. 0-0 Ba6 12. Re1 0-0 13. Qd2 Rad8 14. Qf2 Rxf4 15. Bxf4 Qxf4 16. Rad1 Rf8 17. e5 Nf7 18. Re4 Qf5 19. Qg3 b5 20. Rde1 Qe6 21. Qg4 Bc8 22. Qxe6 Bxe6 23. a3 Bf5 24. R4e2 h5 25. b4 cxb4 26. axb4 Be6 27. Nd4 Bc4 28. Re3 Rc8 29. Nb3 Rd8 30. Kh2 Bxb3 31. cxb3 Rd4 32. Re4 Rd3 33. R1e3 Bxe5+ 34. Rxe5 Nxe5 35. Rxe5 Rxc3 36. Rxe7 Rxb3 37. Re6 Rxb4 38. Rxg6+ Kf7 39. Rxc6 a5 40. Rc5 Kg6 41. g4 hxg4 42. hxg4 Rb3 43. Kg2 a4 44. Kf2 a3 45. Ke2 a2 46. Rc6+ Kg5 47. Ra6 Rb2+ 48. Kd3 b4 49. Ra4 b3 0-1

[Event "Titled Tuesday intern op 14th Jan Early"]
[Site "Chess.com INT"]
[Date "2025.01.14"]
[Round "1"]
[White "Manukyan, Artyom"]
[Black "Madaminov, Mukhiddin"]
[Result "0-1"]
[WhiteElo "2121"]
[BlackElo "2521"]
[PlyCount "68"]
[EventDate "2025.01.14"]
[EventType "swiss (blitz)"]
[EventRounds "11"]
[EventCountry "USA"]
[SourceTitle "CB04_2025"]
[SourceDate "2025.01.22"]
[SourceVersion "1"]
[SourceVersionDate "2025.01.22"]
[SourceQuality "1"]

1. e4 e6 2. d4 d5 3. Bd3 dxe4 4. Bxe4 Nf6 5. Bf3 c5 6. Ne2 cxd4 7. Qxd4 Nbd7 8. Nbc3 Bc5 9. Qh4 0-0 10. Bg5 h6 11. Bd2 Ne5 12. 0-0-0 Qe7 13. Ne4 Nxf3 14. gxf3 Nxe4 15. Qxe4 Bxf2 16. Nf4 Qh4 17. Bc3 Re8 18. Be5 f6 19. Qa4 Rf8 20. Bd6 Rd8 21. Bc7 Rxd1+ 22. Rxd1 e5 23. Rd8+ Kh7 24. Qe4+ f5 25. Qxe5 Qg5 26. h4 Bxh4 27. Qe8 Qg1+ 28. Kd2 Qf2+ 29. Ne2 Bxd8 30. Qxd8 b6 31. Qd5 Ba6 32. Qxa8 Qxe2+ 33. Kc3 Qc4+ 34. Kd2 Qxc7 0-1

[Event "Titled Tuesday intern op 06th Aug Late"]
[Site "Chess.com INT"]
[Date "2024.08.06"]
[Round "1"]
[White "Byambaa, Uyanga"]
[Black "Manukyan, Artyom"]
[Result "1-0"]
[WhiteElo "2019"]
[BlackElo "2155"]
[PlyCount "121"]
[EventDate "2024.08.06"]
[EventType "swiss (blitz)"]
[EventRounds "11"]
[EventCountry "USA"]
[SourceTitle "EXT 2025"]
[Source "ChessBase"]
[SourceDate "2024.10.14"]
[SourceVersion "1"]
[SourceVersionDate "2024.10.14"]
[SourceQuality "1"]

1. e4 e5 2. Nf3 Nc6 3. Bc4 Bc5 4. b4 Bxb4 5. c3 Be7 6. d4 Na5 7. Be2 d6 8. dxe5 dxe5 9. Qa4+ c6 10. Nxe5 Nf6 11. 0-0 0-0 12. Rd1 Qb6 13. Be3 c5 14. Nd2 Be6 15. Rab1 Qc7 16. Bf4 Bd6 17. Ndf3 Nh5 18. Be3 Bxe5 19. Nxe5 Qxe5 20. Qxa5 b6 21. Qa4 Nf6 22. f3 Qxc3 23. Bf2 Rfd8 24. h3 h5 25. Qc6 Rac8 26. Qb7 Qc2 27. Re1 Rd2 28. Rbc1 Qxa2 29. Bc4 Bxc4 30. Qxc8+ Kh7 31. Qf5+ g6 32. Qxf6 Rxf2 33. Qg5 f6 34. Qg3 Rd2 35. Rcd1 Qc2 36. Qc7+ Kh8 37. Qc8+ Bg8 38. Rxd2 Qxd2 39. Rf1 Qd4+ 40. Kh1 c4 41. Rc1 b5 42. Qa6 Qc5 43. Qa5 Qc6 44. Rd1 c3 45. Rc1 c2 46. Qd2 Bb3 47. Qd8+ Kh7 48. Qe7+ Kh6 49. Qb4 Ba4 50. Qd2+ Kg7 51. e5 fxe5 52. Qe3 e4 53. Qxa7+ Kh6 54. fxe4 Qxe4 55. Qf2 Qf5 56. Qd2+ Qg5 57. Qe1 Qf4 58. Ra1 Qg5 59. Ra3 h4 60. Re3 Qf5 61. Re8 1-0

[Event "Titled Tuesday intern op 06th Aug Late"]
[Site "Chess.com INT"]
[Date "2024.08.06"]
[Round "2"]
[White "Manukyan, Artyom"]
[Black "Poupalos, Nikolaos"]
[Result "0-1"]
[WhiteElo "2155"]
[BlackElo "2275"]
[PlyCount "90"]
[EventDate "2024.08.06"]
[EventType "swiss (blitz)"]
[EventRounds "11"]
[EventCountry "USA"]
[SourceTitle "EXT 2025"]
[Source "ChessBase"]
[SourceDate "2024.10.14"]
[SourceVersion "1"]
[SourceVersionDate "2024.10.14"]
[SourceQuality "1"]

1. e4 c5 2. Nc3 d6 3. f4 g6 4. Nf3 Bg7 5. Bc4 e6 6. 0-0 Ne7 7. d3 0-0 8. Bb3 Nbc6 9. Qe1 Nd4 10. Nxd4 cxd4 11. Ne2 d5 12. e5 h5 13. Nxd4 a5 14. a4 b6 15. Nb5 Ba6 16. Nd6 Nc8 17. Nxc8 Rxc8 18. Qf2 Qc7 19. Be3 Rb8 20. h3 Rfd8 21. g4 hxg4 22. hxg4 Bf8 23. d4 Bc4 24. Bxc4 Qxc4 25. c3 b5 26. axb5 Qxb5 27. f5 Qxb2 28. Qf3 exf5 29. gxf5 Qc2 30. Qg3 Qxc3 31. fxg6 fxg6 32. Qxg6+ Bg7 33. Qf7+ Kh8 34. Rae1 Rf8 35. Qh5+ Kg8 36. Qh3 Qd3 37. Qe6+ Kh8 38. Qh3+ Kg8 39. Qe6+ Kh8 40. Rxf8+ Rxf8 41. Qxd5 Rg8 42. Qh1+ Bh6+ 43. Kf2 Qc2+ 44. Re2 Rf8+ 45. Kg3 Qg6+ 0-1

[Event "Titled Tuesday intern op 23rd Jul Late"]
[Site "Chess.com INT"]
[Date "2024.07.23"]
[Round "4"]
[White "Manukyan, Artyom"]
[Black "Raczek, Krzysztof"]
[Result "1-0"]
[WhiteElo "2155"]
[BlackElo "2344"]
[PlyCount "79"]
[EventDate "2024.07.23"]
[EventType "swiss (blitz)"]
[EventRounds "11"]
[EventCountry "USA"]
[SourceTitle "EXT 2025"]
[Source "ChessBase"]
[SourceDate "2024.10.14"]
[SourceVersion "1"]
[SourceVersionDate "2024.10.14"]
[SourceQuality "1"]

1. e4 e6 2. d4 d5 3. Bd3 dxe4 4. Bxe4 Nf6 5. Bf3 c5 6. Ne2 Be7 7. 0-0 0-0 8. Nbc3 Nc6 9. d5 exd5 10. Nxd5 Nxd5 11. Qxd5 Be6 12. Qxd8 Rfxd8 13. Bxc6 bxc6 14. Be3 Bf6 15. c3 Rab8 16. b3 Be7 17. Rad1 Rxd1 18. Rxd1 a5 19. c4 a4 20. Nc1 h5 21. Kf1 h4 22. h3 g5 23. f3 f5 24. Ke2 g4 25. Bf2 gxh3 26. gxh3 f4 27. Re1 Bxh3 28. Bxh4 Bd6 29. Rd1 Re8+ 30. Kd2 Kf7 31. Nd3 Bg2 32. Bf2 Bxf3 33. Re1 Rb8 34. Bxc5 Bxc5 35. Nxc5 axb3 36. axb3 Bg4 37. Re4 Rd8+ 38. Kc3 Bf5 39. Rxf4 Kg6 40. Rf1 1-0

[Event "Titled Tuesday intern op 18th Jun Early"]
[Site "Chess.com INT"]
[Date "2024.06.18"]
[Round "2"]
[White "Manukyan, Artyom"]
[Black "Yonal, Timur"]
[Result "1-0"]
[WhiteElo "2155"]
[BlackElo "2078"]
[PlyCount "89"]
[EventDate "2024.06.18"]
[EventType "swiss (blitz)"]
[EventRounds "11"]
[EventCountry "USA"]
[SourceTitle "EXT 2025"]
[Source "ChessBase"]
[SourceDate "2024.10.14"]
[SourceVersion "1"]
[SourceVersionDate "2024.10.14"]
[SourceQuality "1"]

1. e4 c5 2. Nc3 Nc6 3. Bb5 Nd4 4. Nf3 a6 5. Bd3 e6 6. 0-0 Nxf3+ 7. Qxf3 d6 8. b3 Nf6 9. Bb2 Be7 10. Rae1 0-0 11. e5 dxe5 12. Rxe5 Qc7 13. Rg5 g6 14. h4 Bd7 15. h5 Bc6 16. Qh3 Qf4 17. hxg6 hxg6 18. Rg3 Kg7 19. Ne2 Qd6 20. Qg4 Rh8 21. Bxg6 Kf8 22. Bxf6 Bxf6 23. Be4 Ke7 24. Bxc6 Qxc6 25. Nf4 Qd6 26. Re1 Rag8 27. Qf3 Rxg3 28. Qxg3 Qxd2 29. Qe3 Qxe3 30. Rxe3 Bd4 31. Rd3 Rd8 32. Kf1 b5 33. Ne2 Bf6 34. Rxd8 Kxd8 35. Ke1 Ke7 36. Kd2 Kd6 37. Kd3 Be5 38. f4 Bg7 39. c4 b4 40. Ng3 Kc6 41. Ne4 Bd4 42. Ng5 f6 43. Nxe6 Bc3 44. Nf8 Kd6 45. Ke4 1-0

[Event "Titled Tuesday intern op 18th Jun Early"]
[Site "Chess.com INT"]
[Date "2024.06.18"]
[Round "4"]
[White "Suyarov, Mukhammadzokhid"]
[Black "Manukyan, Artyom"]
[Result "1-0"]
[WhiteElo "2430"]
[BlackElo "2155"]
[PlyCount "47"]
[EventDate "2024.06.18"]
[EventType "swiss (blitz)"]
[EventRounds "11"]
[EventCountry "USA"]
[SourceTitle "EXT 2025"]
[Source "ChessBase"]
[SourceDate "2024.10.14"]
[SourceVersion "1"]
[SourceVersionDate "2024.10.14"]
[SourceQuality "1"]

1. e4 c5 2. Nf3 d6 3. Bb5+ Bd7 4. Bxd7+ Qxd7 5. c4 Nc6 6. Nc3 g6 7. 0-0 Bg7 8. a3 Nf6 9. Rb1 0-0 10. b4 Rac8 11. d3 b6 12. h3 h6 13. Be3 e6 14. Qd2 Kh7 15. Rfd1 d5 16. cxd5 exd5 17. e5 d4 18. exf6 dxe3 19. Qxe3 Bxf6 20. Ne4 Bd4 21. bxc5 bxc5 22. Nxd4 Qxd4 23. Nxc5 Qe4 24. Nxe4 1-0

[Event "Titled Tuesday intern op 18th Jun Early"]
[Site "Chess.com INT"]
[Date "2024.06.18"]
[Round "1"]
[White "Yoo, Christopher Woojin"]
[Black "Manukyan, Artyom"]
[Result "1-0"]
[WhiteElo "2599"]
[BlackElo "2155"]
[PlyCount "91"]
[EventDate "2024.06.18"]
[EventType "swiss (blitz)"]
[EventRounds "11"]
[EventCountry "USA"]
[SourceTitle "EXT 2025"]
[Source "ChessBase"]
[SourceDate "2024.10.14"]
[SourceVersion "1"]
[SourceVersionDate "2024.10.14"]
[SourceQuality "1"]

1. d4 d5 2. c4 e6 3. Nc3 Nf6 4. cxd5 exd5 5. Bg5 c6 6. Qc2 Be7 7. e3 Nbd7 8. Bd3 Nh5 9. Bxe7 Qxe7 10. Nge2 g6 11. 0-0 0-0 12. Rae1 Ng7 13. Nc1 Nf6 14. f3 Bf5 15. e4 Be6 16. h3 Rad8 17. Qf2 Qd7 18. e5 Nfe8 19. Nb3 Bf5 20. Nc5 Qc8 21. Bxf5 Nxf5 22. g4 Nfg7 23. f4 f5 24. g5 b6 25. e6 Rd6 26. e7 Rf7 27. Nd3 Re6 28. Rxe6 Nxe6 29. Rc1 Qb7 30. Ne5 Rxe7 31. b4 Nd6 32. h4 Ng7 33. Qf3 Ne4 34. Ne2 Re6 35. Ng3 c5 36. bxc5 bxc5 37. dxc5 Qb2 38. Nd3 Qa3 39. c6 Re8 40. c7 Rc8 41. Ne2 Ne6 42. Ne5 Rxc7 43. Qxa3 Re7 44. Qxe7 Ng3 45. Nxg3 Nxf4 46. Qf7+ 1-0

[Event "Titled Tuesday intern op 04th Jun Late"]
[Site "Chess.com INT"]
[Date "2024.06.04"]
[Round "4"]
[White "Manukyan, Artyom"]
[Black "Munoz Pantoja, Miguel Angel"]
[Result "0-1"]
[WhiteElo "2155"]
[BlackElo "2364"]
[PlyCount "70"]
[EventDate "2024.06.04"]
[EventType "swiss (blitz)"]
[EventRounds "11"]
[EventCountry "USA"]
[SourceTitle "EXT 2025"]
[Source "ChessBase"]
[SourceDate "2024.10.14"]
[SourceVersion "1"]
[SourceVersionDate "2024.10.14"]
[SourceQuality "1"]

1. e4 d5 2. exd5 Qxd5 3. Nf3 Bg4 4. Be2 Nc6 5. h3 Bh5 6. d4 0-0-0 7. c4 Qd6 8. d5 Bxf3 9. Bxf3 Ne5 10. 0-0 e6 11. Nc3 Nf6 12. Bf4 g5 13. Nb5 Nxf3+ 14. Qxf3 Qxf4 15. Nxa7+ Kb8 16. Nc6+ Kc8 17. Qxf4 gxf4 18. Nxd8 Kxd8 19. dxe6 fxe6 20. Rad1+ Ke7 21. b4 e5 22. Rfe1 Ke6 23. a3 Be7 24. f3 Ra8 25. Rd3 c5 26. b5 Ra4 27. Rc3 Bd8 28. Rec1 e4 29. fxe4 Bc7 30. Rd3 Be5 31. Rd8 Rxa3 32. Re1 Rc3 33. Ra8 Rxc4 34. Ra7 b6 35. Rb7 Nd7 0-1

[Event "Titled Tuesday intern op 07th May Early"]
[Site "Chess.com INT"]
[Date "2024.05.07"]
[Round "3"]
[White "Manukyan, Artyom"]
[Black "Mejia, Cherry Ann"]
[Result "0-1"]
[WhiteElo "2156"]
[BlackElo "1965"]
[PlyCount "92"]
[EventDate "2024.05.07"]
[EventType "swiss (blitz)"]
[EventRounds "11"]
[EventCountry "USA"]
[SourceTitle "EXT 2025"]
[Source "ChessBase"]
[SourceDate "2024.10.14"]
[SourceVersion "1"]
[SourceVersionDate "2024.10.14"]
[SourceQuality "1"]

1. e4 c5 2. Nc3 a6 3. g3 b5 4. Bg2 Bb7 5. d3 e6 6. Nh3 Nf6 7. 0-0 d5 8. e5 Nfd7 9. f4 Nc6 10. f5 Ndxe5 11. fxe6 fxe6 12. Nf4 Qd6 13. Bh3 Nd4 14. a4 Be7 15. axb5 axb5 16. Rxa8+ Bxa8 17. Nb1 0-0 18. c3 Ndf3+ 19. Rxf3 Nxf3+ 20. Qxf3 Rf6 21. Qe2 e5 22. Ng2 d4 23. Bg5 Rf8 24. Bxe7 Qxe7 25. Nd2 dxc3 26. bxc3 Qd6 27. Ne4 Qc6 28. Ne3 h6 29. Bg2 Qg6 30. Qa2+ Kh8 31. Nxc5 Bxg2 32. Qxg2 Rc8 33. Qd5 Qf6 34. Ng4 Qb6 35. d4 exd4 36. cxd4 b4 37. Ne5 b3 38. Nf7+ Kh7 39. Nxb3 Qb4 40. Nc5 Qe1+ 41. Kg2 Qe2+ 42. Kh3 Re8 43. Qf5+ g6 44. Qg4 Qf1+ 45. Kh4 g5+ 46. Kh5 Qxf7# 0-1

[Event "MSU Cup"]
[Site "Moscow"]
[Date "2024.04.25"]
[Round "9.3"]
[White "Manukyan, Artyom"]
[Black "Atakishiyev, Elmar"]
[Result "1/2-1/2"]
[WhiteElo "2155"]
[BlackElo "2356"]
[PlyCount "155"]
[EventDate "2024.04.22"]
[EventType "team-tourn"]
[EventRounds "9"]
[EventCountry "RUS"]
[SourceTitle "CBM 219 Extra"]
[Source "ChessBase"]
[SourceDate "2024.05.31"]
[SourceVersion "1"]
[SourceVersionDate "2024.05.31"]
[SourceQuality "1"]
[WhiteTeam "Armenia"]
[BlackTeam "Azerbaijan"]
[WhiteTeamCountry "ARM"]
[BlackTeamCountry "AZE"]

1. Nf3 Nf6 2. c4 c6 3. g3 d5 4. Bg2 dxc4 5. Qc2 g6 6. Qxc4 Bg7 7. 0-0 0-0 8. d3 Nbd7 9. Nc3 h6 10. d4 Nb6 11. Qd3 Be6 12. Rd1 a5 13. e4 Bc4 14. Qc2 Ba6 15. b3 Rc8 16. Ba3 Qc7 17. Rac1 Rfd8 18. e5 Nfd5 19. Ne4 Nb4 20. Qb1 N6d5 21. Bb2 Be2 22. Rd2 Bxf3 23. Bxf3 Qb6 24. Nc5 Na6 25. Re2 Nxc5 26. dxc5 Qb5 27. Ree1 Qa6 28. a3 e6 29. Qc2 Rd7 30. Rcd1 Rcd8 31. h4 h5 32. Bc1 b6 33. Bg5 Rc8 34. Qc4 Qb7 35. b4 bxc5 36. bxc5 Qb5 37. Qxb5 cxb5 38. Rc1 Rdc7 39. Bd2 Rxc5 40. Rxc5 Rxc5 41. Bxa5 Nc3 42. Bb4 Rc4 43. Kg2 Bf8 44. Bxc3 Rxc3 45. Rb1 Rc5 46. Be2 Rxe5 47. Bxb5 Bxa3 48. Rb3 Bc5 49. Bc4 Re4 50. Bd3 Ra4 51. Rc3 Bd4 52. Rc4 Rxc4 53. Bxc4 Kg7 54. Kf3 Kf6 55. Bb5 Bc5 56. Be8 Ke7 57. Bb5 f5 58. Ba4 Kf6 59. Be8 e5 60. Ke2 Bb6 61. Kf3 e4+ 62. Ke2 Bc5 63. Ke1 f4 64. gxf4 Bd6 65. Ke2 Bxf4 66. Bc6 Kf5 67. Bd7+ Ke5 68. Be8 Kf6 69. Bc6 e3 70. fxe3 Bg3 71. Kf3 Bxh4 72. Be8 Be1 73. e4 Kg5 74. e5 Kh6 75. Bxg6 Kxg6 76. e6 Bb4 77. e7 Bxe7 78. Kg2 1/2-1/2

[Event "Titled Tuesday intern op 23rd Jan Early"]
[Site "Chess.com INT"]
[Date "2024.01.23"]
[Round "3"]
[White "Eljanov, Pavel"]
[Black "Manukyan, Artyom"]
[Result "1-0"]
[WhiteElo "2704"]
[BlackElo "2155"]
[PlyCount "79"]
[EventDate "2024.01.23"]
[EventType "swiss (blitz)"]
[EventRounds "11"]
[EventCountry "USA"]
[SourceTitle "EXT 2025"]
[Source "ChessBase"]
[SourceDate "2024.10.14"]
[SourceVersion "1"]
[SourceVersionDate "2024.10.14"]
[SourceQuality "1"]

1. e4 c5 2. Nf3 d6 3. d4 cxd4 4. Nxd4 Nf6 5. Nc3 g6 6. g3 Bg7 7. Bg2 0-0 8. 0-0 Nc6 9. Nde2 Rb8 10. a4 b6 11. h3 Bb7 12. Nd5 e6 13. Nxf6+ Bxf6 14. c3 Qe7 15. Bh6 Rfd8 16. f4 Rbc8 17. g4 Na5 18. Ng3 Nc4 19. Qe2 Qc7 20. g5 Bh8 21. Kh2 Qc5 22. Rae1 b5 23. b3 Nb6 24. axb5 Qxc3 25. Rf3 Qc2 26. Qf1 Rc3 27. Rxc3 Qxc3 28. Nh1 Qxb3 29. Nf2 Qc4 30. Re2 Qxb5 31. Qd1 Nc4 32. Ng4 Qc5 33. Nf6+ Bxf6 34. gxf6 a5 35. Rc2 d5 36. Bf1 a4 37. Rxc4 Qf2+ 38. Bg2 Ra8 39. Rc7 Ba6 40. Qxa4 1-0

[Event "Titled Tuesday intern op 23rd Jan Early"]
[Site "Chess.com INT"]
[Date "2024.01.23"]
[Round "6"]
[White "Manukyan, Artyom"]
[Black "Nigalidze, Gaioz"]
[Result "0-1"]
[WhiteElo "2155"]
[BlackElo "2373"]
[PlyCount "116"]
[EventDate "2024.01.23"]
[EventType "swiss (blitz)"]
[EventRounds "11"]
[EventCountry "USA"]
[SourceTitle "EXT 2025"]
[Source "ChessBase"]
[SourceDate "2024.10.14"]
[SourceVersion "1"]
[SourceVersionDate "2024.10.14"]
[SourceQuality "1"]

1. e4 c5 2. Nc3 d6 3. f4 Nc6 4. Nf3 g6 5. Bc4 Bg7 6. 0-0 e6 7. f5 Nf6 8. Qe1 a6 9. d3 Ne5 10. Nxe5 dxe5 11. fxe6 fxe6 12. Bg5 b5 13. Bb3 0-0 14. Qh4 Ra7 15. Rf2 Raf7 16. Raf1 Qe7 17. Nd1 h5 18. Ne3 Kh7 19. g4 Kg8 20. gxh5 gxh5 21. Rg2 c4 22. dxc4 Qc5 23. Rgf2 b4 24. h3 Bb7 25. Kh2 Nxe4 26. Rxf7 Rxf7 27. Rxf7 Kxf7 28. Qxh5+ Kf8 29. Bh6 Qe7 30. Bxg7+ Qxg7 31. Qf3+ Kg8 32. Qg4 Ng5 33. h4 Nf3+ 34. Kg3 Nd4 35. c3 bxc3 36. bxc3 Ne2+ 37. Kh3 Qxg4+ 38. Nxg4 e4 39. c5 Kf7 40. Ne3 Nxc3 41. Kg4 Nd5 42. Nxd5 exd5 43. Kf4 Kf6 44. h5 Bc6 45. Bc2 Kg7 46. Ke5 e3 47. Bd1 Bb5 48. Kxd5 e2 49. Bxe2 Bxe2 50. c6 Bxh5 51. c7 Bg4 52. Kc6 Bc8 53. Kb6 Kf7 54. a4 Ke7 55. a5 Kd6 56. Ka7 Kxc7 57. Ka8 Kc6 58. Ka7 Kb5 0-1

[Event "Titled Tuesday intern op 02nd Jan Early"]
[Site "Chess.com INT"]
[Date "2024.01.02"]
[Round "2"]
[White "Manukyan, Artyom"]
[Black "Blokhin, Sofia"]
[Result "1-0"]
[WhiteElo "2155"]
[BlackElo "1964"]
[PlyCount "55"]
[EventDate "2024.01.02"]
[EventType "swiss (blitz)"]
[EventRounds "11"]
[EventCountry "USA"]
[SourceTitle "EXT 2025"]
[Source "ChessBase"]
[SourceDate "2024.10.14"]
[SourceVersion "1"]
[SourceVersionDate "2024.10.14"]
[SourceQuality "1"]

1. e4 c5 2. Nc3 e6 3. Nge2 a6 4. g3 Nc6 5. Bg2 g6 6. d4 cxd4 7. Nxd4 Bg7 8. Be3 Nge7 9. 0-0 0-0 10. Qd2 f5 11. Rad1 e5 12. Nxc6 bxc6 13. Qd6 Qe8 14. Bg5 Rf7 15. Rfe1 f4 16. Bf1 h6 17. Bxe7 Rxe7 18. Bc4+ Kh7 19. Na4 g5 20. Nb6 f3 21. Nxa8 Bb7 22. Nc7 Qd8 23. Ne6 Qe8 24. Nxg7 Kxg7 25. Re3 g4 26. Qc7 Re6 27. Bxe6 Qxe6 28. Qxd7+ 1-0

[Event "Titled Tuesday intern op 02nd Jan Early"]
[Site "Chess.com INT"]
[Date "2024.01.02"]
[Round "6"]
[White "Manukyan, Artyom"]
[Black "Krzyzanowski, Marcin"]
[Result "0-1"]
[WhiteElo "2155"]
[BlackElo "2519"]
[PlyCount "42"]
[EventDate "2024.01.02"]
[EventType "swiss (blitz)"]
[EventRounds "11"]
[EventCountry "USA"]
[SourceTitle "EXT 2025"]
[Source "ChessBase"]
[SourceDate "2024.10.14"]
[SourceVersion "1"]
[SourceVersionDate "2024.10.14"]
[SourceQuality "1"]

1. e4 e5 2. Nf3 Nc6 3. d4 exd4 4. Nxd4 Nf6 5. Nxc6 bxc6 6. e5 Qe7 7. Qe2 Nd5 8. h4 Qe6 9. c4 Nb6 10. g3 d6 11. exd6 cxd6 12. b3 Be7 13. Qxe6 Bxe6 14. Bg2 d5 15. cxd5 cxd5 16. 0-0 Bf6 17. Nc3 Bxc3 18. Rb1 Bf5 19. Ba3 Bxb1 20. Rxb1 0-0-0 21. Rc1 d4 0-1

[Event "Titled Tuesday intern op 26th Dec Early"]
[Site "Chess.com INT"]
[Date "2023.12.26"]
[Round "1"]
[White "Manukyan, Artyom"]
[Black "Panchenko, Dmitry"]
[Result "1/2-1/2"]
[WhiteElo "2155"]
[BlackElo "2311"]
[PlyCount "91"]
[EventDate "2023.12.26"]
[EventType "swiss (blitz)"]
[EventRounds "11"]
[EventCountry "USA"]
[SourceTitle "EXT 2025"]
[Source "ChessBase"]
[SourceDate "2024.10.14"]
[SourceVersion "1"]
[SourceVersionDate "2024.10.14"]
[SourceQuality "1"]

1. e4 e5 2. Nf3 Nc6 3. d4 exd4 4. Nxd4 Nf6 5. Nxc6 bxc6 6. e5 Qe7 7. Qe2 Nd5 8. h4 d6 9. c4 Nb6 10. exd6 cxd6 11. Nc3 Qxe2+ 12. Bxe2 Be6 13. b3 d5 14. cxd5 Nxd5 15. Nxd5 Bxd5 16. 0-0 Bd6 17. Be3 0-0 18. Rac1 Ba3 19. Rc2 a5 20. Bc4 a4 21. Bxd5 cxd5 22. Rd1 axb3 23. axb3 Rfd8 24. Rcd2 Rab8 25. Rxd5 Rxd5 26. Rxd5 Kf8 27. Rd3 Be7 28. g3 h5 29. Kf1 f6 30. Ke2 g5 31. hxg5 fxg5 32. Rd5 h4 33. Bxg5 hxg3 34. Bxe7+ Kxe7 35. Rd3 g2 36. Rg3 Rxb3 37. Rxg2 Kf6 38. Rg4 Ra3 39. Kf1 Rb3 40. Ra4 Rc3 41. Kg2 Kg6 42. Ra5 Kf6 43. f3 Rc4 44. Kg3 Rb4 45. f4 Rb1 46. Ra6+ 1/2-1/2

[Event "Titled Tuesday intern op 26th Dec Early"]
[Site "Chess.com INT"]
[Date "2023.12.26"]
[Round "7"]
[White "Manukyan, Artyom"]
[Black "Silvestre, Christian"]
[Result "1-0"]
[WhiteElo "2155"]
[BlackElo "1942"]
[PlyCount "135"]
[EventDate "2023.12.26"]
[EventType "swiss (blitz)"]
[EventRounds "11"]
[EventCountry "USA"]
[SourceTitle "EXT 2025"]
[Source "ChessBase"]
[SourceDate "2024.10.14"]
[SourceVersion "1"]
[SourceVersionDate "2024.10.14"]
[SourceQuality "1"]

1. e4 c5 2. Nf3 e6 3. c3 a6 4. d4 cxd4 5. cxd4 d6 6. Nc3 g6 7. g3 Bg7 8. Bg2 Ne7 9. 0-0 0-0 10. Re1 Nbc6 11. Be3 d5 12. e5 Nf5 13. Qd2 Nxe3 14. fxe3 Bh6 15. Qd3 Nb4 16. Qe2 Bd7 17. a3 Nc6 18. e4 Qb6 19. Rad1 Ne7 20. exd5 Nxd5 21. Ne4 Bb5 22. Qf2 Rac8 23. Nd6 Rc6 24. h4 Ba4 25. Rd3 Rc2 26. Re2 Rxe2 27. Qxe2 Bb5 28. Nxb5 Qxb5 29. Ng5 Bxg5 30. hxg5 Rc8 31. Qd2 Rc7 32. Bf1 Qc6 33. Bg2 Qc1+ 34. Kh2 Qxd2 35. Rxd2 Nb6 36. Kg1 Rd7 37. Bf1 Nd5 38. Kf2 Ne7 39. g4 Nc6 40. Ke3 Rc7 41. Rc2 Rc8 42. Bg2 Rc7 43. Bxc6 bxc6 44. b4 Kf8 45. Rc5 Ke7 46. Ra5 Ra7 47. Kd3 Kd7 48. Kc4 Kc7 49. Rc5 Kb6 50. a4 a5 51. Rxa5 Rxa5 52. bxa5+ Kxa5 53. Kc5 Kxa4 54. Kxc6 Kb4 55. d5 exd5 56. Kxd5 Kb5 57. e6 fxe6+ 58. Kxe6 Kc5 59. Kf6 Kd5 60. Kg7 Ke6 61. Kxh7 Kf7 62. Kh6 Kf8 63. Kxg6 Kg8 64. Kh6 Kh8 65. g6 Kg8 66. g7 Kf7 67. Kh7 Kf6 68. g8Q 1-0

[Event "Titled Tuesday intern op 07th Nov Early"]
[Site "Chess.com INT"]
[Date "2023.11.07"]
[Round "3"]
[White "Ibarra Jerez, Jose Carlos"]
[Black "Manukyan, Artyom"]
[Result "1-0"]
[WhiteElo "2567"]
[BlackElo "2155"]
[PlyCount "69"]
[EventDate "2023.11.07"]
[EventType "swiss (blitz)"]
[EventRounds "11"]
[EventCountry "USA"]
[SourceTitle "EXT 2025"]
[Source "ChessBase"]
[SourceDate "2024.10.14"]
[SourceVersion "1"]
[SourceVersionDate "2024.10.14"]
[SourceQuality "1"]

1. e4 c5 2. Nf3 d6 3. c3 Nf6 4. h3 g6 5. Bd3 Bg7 6. Bc2 0-0 7. 0-0 Nc6 8. d4 e5 9. d5 Ne7 10. c4 Nh5 11. Nc3 h6 12. Nh2 Nf4 13. Re1 f5 14. exf5 Nxf5 15. Bxf4 exf4 16. Nf3 Qf6 17. Qd2 g5 18. Qd3 Bd7 19. Ne4 Qg6 20. Rab1 Rae8 21. b4 b6 22. bxc5 bxc5 23. Rb7 Rf7 24. Rxa7 Ref8 25. Rb1 g4 26. hxg4 Qxg4 27. Rbb7 Bc8 28. Rxf7 Rxf7 29. Rxf7 Kxf7 30. Qb3 Bf8 31. Qb8 Nd4 32. Nxd4 cxd4 33. Nxd6+ Bxd6 34. Qxd6 h5 35. Qc7+ 1-0